|
|
|
|
| LEADER |
00000nab a2200000 a 4500 |
| 001 |
vtls001005011 |
| 003 |
SK-MaSNL |
| 005 |
20260303041609.0 |
| 008 |
040720e19980000xo 0 slo |
| 035 |
|
|
|a RV5611
|
| 040 |
|
|
|a RVGKPD
|b slo
|c RVGKPD
|e AACR2
|
| 041 |
0 |
|
|a slo
|
| 044 |
|
|
|a xo
|c SK
|
| 080 |
|
|
|a 943.76
|2 1981
|
| 080 |
|
|
|a 324(437.6)
|2 1981
|
| 080 |
|
|
|a 352
|2 1981
|
| 245 |
0 |
0 |
|a Z kroniky mesta - Voľby
|
| 518 |
|
|
|a 1923
|
| 650 |
0 |
7 |
|a voľby
|2 RVGKPD
|9 1580
|
| 651 |
|
7 |
|a Gočovo (Slovensko)
|2 RVGKPD
|9 58511
|
| 655 |
|
7 |
|a periodikum
|2 snkbucl
|9 29553
|
| 773 |
0 |
8 |
|t Dobšinské noviny, č.9-10 (1998), s. 2
|
| 852 |
|
|
|a ZVYKNI
|b KIS3GCP
|
| 999 |
|
|
|c 1687828
|d 1689758
|